| 000 | 01469nam a2200289Ia 4500 | ||
|---|---|---|---|
| 999 |
_c41559 _d41559 |
||
| 001 | 8227 | ||
| 003 | GE_BSU | ||
| 005 | 20240408153627.0 | ||
| 008 | 181216s2005||||ge |||||||||||||| ||geo|| | ||
| 020 | _a9992871741 | ||
| 040 | _cGE_BSU | ||
| 041 | _ageo | ||
| 080 | _a325.27+94(=353.1)+325.254.6 უ–41 | ||
| 100 |
_aუმაროვ–გოზალიშვილი, ხალილ _921740 |
||
| 245 |
_aმესხთა ტრაგედია / _c[თარგმნა გიორგი ლობჟანიძემ ; რედ. ასმათ ფიცხელაური-ფარჯიანი ; მხატვ. გიორგი წერეთელი]. |
||
| 260 | _bკავკასიური სახლი | ||
| 260 | _c2005 | ||
| 264 |
_aთბილისი : _bკავკასიური სახლი, _c2005. |
||
| 300 |
_a227გვ. ; _c20 სმ. _eცხრილები. |
||
| 504 | _aბიბლიოგრაფია ტექსტების შენიშვნებში | ||
| 541 | _h20ლ. | ||
| 653 | _aმესხთა ტრაგედია | ||
| 700 |
_aლობჟანიძე, გიორგი _eმთარგმნელი _96092 |
||
| 700 |
_dფიცხელაური-ფარჯიანი, ასმათ _eრედაქტორი _921741 |
||
| 700 |
_aწერეთელი, გიორგი _eმხატვარი _921742 |
||
| 942 |
_cBK _2udc |
||